LEADER 01618nam 2200361 n 450 001 996389761403316 005 20221107234603.0 035 $a(CKB)4940000000101174 035 $a(EEBO)2240916922 035 $a(UnM)99837127 035 $a(EXLCZ)994940000000101174 100 $a19900928d1561 uy | 101 0 $aeng 135 $aurbn#|||a|bb| 200 02$aA moste necessary treatise of free wil$b[electronic resource] $enot onlye against the Bapistes, but also against the Anabaptistes, which in these our daies, go about to renue the detestable heresies of Pelagius, and of the Luciferians, whiche say and affirm, that we be able by our own natural strength to fulfil the law and commaundementes of God. Made dialoge wyse by Iohn Veron, in a manner word by woorde, as he did set it forth in his lectures at Paules 210 $a[Imprinted at London $cBy John Tisdale, and are to be sold at his shop in Lombard streate$d[1561]] 215 $a[176] p 300 $aPlace of publication and printer's name and address from colophon; publication date from STC. 300 $aRunning title reads: Against fre wil men. 300 $aSignatures: A ² A-K. 300 $aReproduction of original in the Folger Shakespeare Library. 330 $aeebo-0055 606 $aPredestination$vEarly works to 1800 615 0$aPredestination 700 $aVe?ron$b John$fd. 1563.$01004822 801 0$bCu-RivES 801 1$bCu-RivES 801 2$bCStRLIN 801 2$bWaOLN 906 $aBOOK 912 $a996389761403316 996 $aA moste necessary treatise of free wil$92396363 997 $aUNISA LEADER 02865nam 22006254a 450 001 9910784110703321 005 20230207225512.0 010 $a0-8166-9671-3 035 $a(CKB)1000000000346712 035 $a(EBL)310679 035 $a(OCoLC)476095601 035 $a(SSID)ssj0000124963 035 $a(PQKBManifestationID)11143891 035 $a(PQKBTitleCode)TC0000124963 035 $a(PQKBWorkID)10026187 035 $a(PQKB)11171628 035 $a(MiAaPQ)EBC310679 035 $a(OCoLC)228145232 035 $a(MdBmJHUP)muse38984 035 $a(Au-PeEL)EBL310679 035 $a(CaPaEBR)ebr10159543 035 $a(CaONFJC)MIL522697 035 $a(EXLCZ)991000000000346712 100 $a20040503d2004 ub 0 101 0 $aeng 135 $aur|n|---||||| 181 $ctxt 182 $cc 183 $acr 200 14$aThe colonization of psychic space$b[electronic resource] $ea psychoanalytic social theory of oppression /$fKelly Oliver 210 $aMinneapolis $cUniversity of Minnesota Press$dc2004 215 $a1 online resource (272 p.) 300 $aDescription based upon print version of record. 311 $a0-8166-4474-8 311 $a0-8166-4473-X 320 $aIncludes bibliographical references (p. 223-232) and index. 327 $aIntroduction : why turn to psychoanalysis for a social theory of oppression? -- Alienation as the perverse privilege of the modern subject -- Alienation's double as the burden of the othered subject -- Colonial abjection and transmission of affect -- Humanism beyond the economy of property -- Fluidity of power -- The affects of oppression -- The depressed sex -- Sublimation and idealization -- Revolt and singularity -- Forgiveness and subjectivity -- Conclusion : ethics of psychoanalysis; or, forgiveness as an alternative to alienation. 330 $aEloquently arguing that we cannot explain the development of individuality or subjectivity apart from its social context, Kelly Oliver makes a powerful case for recognizing the social aspects of alienation and the psychic aspects of oppression.Oliver explores the ways in which the alienation unique to oppression leads to depression or violence; and how these affects can be transformed into agency, individuality, solidarity, and community. 606 $aOppression (Psychology) 606 $aDominance (Psychology) 606 $aAlienation (Philosophy) 606 $aSocial psychology 615 0$aOppression (Psychology) 615 0$aDominance (Psychology) 615 0$aAlienation (Philosophy) 615 0$aSocial psychology. 676 $a302.5/4 700 $aOliver$b Kelly$f1958-$0689708 801 0$bMiAaPQ 801 1$bMiAaPQ 801 2$bMiAaPQ 906 $aBOOK 912 $a9910784110703321 996 $aThe colonization of psychic space$93847563 997 $aUNINA